00558caa a22001572a 4500001000900000003001100009008004300020092001400063100002000077245004700097300001600144500009900160942000900259773011500268999001700383 005656 AR-FADEU 311216n########xxu####################dd a414bH236 aClements, G. N. aThe internal organization of speech sounds app. 245-306 aEn: The handbook of phonological theory / John A. Goldsmith (ed.). Cambridge : Blackwell, 1995 cBDGR0 011471910111abdCambridgeo03059tTHE HANDBOOK of phonological theoryw( AR-FADEU) 005649xz0-631-18062-1 c11478d11478